| 000 | 00923nam a22002177a 4500 | ||
|---|---|---|---|
| 003 | OSt | ||
| 005 | 20220608155716.0 | ||
| 008 | 120524t xxu||||| |||| 00| 0 eng d | ||
| 020 | _a9781861242235 | ||
| 040 | _cLC | ||
| 050 | _aHF5437.AC2.C48 | ||
| 110 | _aCIPS | ||
| 245 |
_aProcurement and supply operations. / _cCIPS. |
||
| 260 |
_aStamford: _bProfex, _c2012. |
||
| 300 |
_ax, 151 p.: _bill; |
||
| 440 |
_aCIPS study matters _n AC2 |
||
| 500 | _aAdvanced certificate in procurement and supply operations: course book | ||
| 505 | _aContents: Obtaining supplies -- The right price -- Achieving quality supplies -- The right quantity at the right time -- Identifying procurement needs -- Creating specifications -- Sourcing and selecting suppliers -- Formation of agreements -- Electronic P2P systems -- Internet technologies in procurement -- Subject index -- | ||
| 650 | _vProcurement and supply | ||
| 942 |
_2lcc _cBK |
||
| 999 |
_c8945 _d16445 |
||